| 000 | 00948nas a2200289 4500 | ||
|---|---|---|---|
| 001 | BR8601316 | ||
| 003 | BR-BrBNA | ||
| 005 | 20231205090355.0 | ||
| 007 | ta | ||
| 008 | 230509b bl.|||p| |||| 00| 00por d | ||
| 040 |
_aBR-BrBNA _bpor _cBiblioteca Nacional de Agricultura |
||
| 041 | _a(Pt) | ||
| 072 | _aF03 | ||
| 100 | 1 | _aLago, A.A. do | |
| 100 | 1 | _aSavy Filho, A. | |
| 100 | 1 | _aRazera, L.F. | |
| 100 | 1 | _aBanzatto, N.V. | |
| 245 | 1 | _aAlgumas caracteristicas das sementes, plantulas e plantas novas de diversos cultivares de mamoneira [Ricinus communis] | |
| 246 | 1 | _aSome characteristics of seeds, seedlings and young plants of several castorbean cultivars | |
| 650 | _aMAMONA | ||
| 650 | _aSEMENTE | ||
| 650 | _aGERMINACAO | ||
| 650 | _aEMERGENCIA | ||
| 773 | 0 |
_tRevista de Agricultura (Brazil) _xISSN 0034-7655 _g(Dec 1985), v. 60(3) p. 233-240 _wBR8601316 |
|
| 909 |
_a202311 _bLúcia _c55 _dLúcia Elande |
||
| 942 |
_2AGRIS _n0 _cANA |
||
| 999 |
_c117974 _d117974 |
||